Southville International School and Colleges
Your cart is empty.
  • Cart
  • Lists
    Public lists Eva Luna New books Lux_list list_1
    Your lists Log in to create your own lists
  • Log in to your account
  • Your cookies
  • Search history
Southville International School and Colleges
  • Advanced search
  • Recent comments
  • Most popular
  • Libraries

Log in to your account

Log in with GOOGLE


If you do not have an external account, but do have a local account, you can still log in:

  1. Home
  2. MARC view: The giant germ /
Normal view MARC view ISBD view

The giant germ / (Record no. 34510)

[ view plain ]
MARC details
000 -LEADER
fixed length control field 01263cam a22004333a 4500
001 - CONTROL NUMBER
control field 12731269
003 - CONTROL NUMBER IDENTIFIER
control field OSt
005 - DATE AND TIME OF LATEST TRANSACTION
control field 20140410080745.0
008 - FIXED-LENGTH DATA ELEMENTS--GENERAL INFORMATION
fixed length control field 010523s2000 nyua b 000 1 eng d
010 ## - LIBRARY OF CONGRESS CONTROL NUMBER
LC control number 2002567922
020 ## - INTERNATIONAL STANDARD BOOK NUMBER
International Standard Book Number 0439204208
020 ## - INTERNATIONAL STANDARD BOOK NUMBER
International Standard Book Number 0439314313
020 ## - INTERNATIONAL STANDARD BOOK NUMBER
International Standard Book Number 0439204240
035 ## - SYSTEM CONTROL NUMBER
System control number (OCoLC)ocm46995805
040 ## - CATALOGING SOURCE
Original cataloging agency JJG
Transcribing agency JJG
Modifying agency SLC
-- DLC
042 ## - AUTHENTICATION CODE
Authentication code lccopycat
050 00 - LIBRARY OF CONGRESS CALL NUMBER
Classification number PZ 10
Item number .C237g6 2000
100 1# - MAIN ENTRY--PERSONAL NAME
Personal name Capeci, Anne.
9 (RLIN) 5521
245 14 - TITLE STATEMENT
Title The giant germ /
Statement of responsibility, etc Anne Capeci.
260 ## - PUBLICATION, DISTRIBUTION, ETC. (IMPRINT)
Place of publication, distribution, etc New York :
Name of publisher, distributor, etc Scholastic Inc.,
Date of publication, distribution, etc 2000.
300 ## - PHYSICAL DESCRIPTION
Extent 76 p. :
Other physical details ill. ;
Dimensions 19 cm.
490 0# - SERIES STATEMENT
Series statement Magic school bus science chapter book ;
Volume number/sequential designation #6
521 ## - TARGET AUDIENCE NOTE
Target audience note
526 ## - STUDY PROGRAM INFORMATION NOTE
Reading level 660
650 #0 - SUBJECT ADDED ENTRY--TOPICAL TERM
Topical term or geographic name as entry element Microorganisms
Form subdivision Juvenile literature.
9 (RLIN) 5522
650 #0 - SUBJECT ADDED ENTRY--TOPICAL TERM
Topical term or geographic name as entry element Life
General subdivision origin
-- Scince
-- fiction.
9 (RLIN) 5523
655 #7 - INDEX TERM--GENRE/FORM
Genre/form data or focus term Children's stories.
Source of term lcsh
9 (RLIN) 3012
700 1# - ADDED ENTRY--PERSONAL NAME
Personal name Speirs, John.
9 (RLIN) 5524
710 2# - ADDED ENTRY--CORPORATE NAME
Corporate name or jurisdiction name as entry element Copyright Paperback Collection (Library of Congress)
Institution to which field applies DLC
9 (RLIN) 705
830 ## - SERIES ADDED ENTRY--UNIFORM TITLE
Uniform title the giant germ
9 (RLIN) 5525
830 ## - SERIES ADDED ENTRY--UNIFORM TITLE
Uniform title insect invaders
9 (RLIN) 5526
906 ## - LOCAL DATA ELEMENT F, LDF (RLIN)
a 7
b cbc
c copycat
d 2
e ncip
f 20
g y-genrareb
942 ## - ADDED ENTRY ELEMENTS (KOHA)
Source of classification or shelving scheme Library of Congress Classification
Koha item type Books
Holdings
Withdrawn status Lost status Source of classification or shelving scheme Damaged status Home library Current library Shelving location Date acquired Total Checkouts Full call number Barcode Date last seen Copy number Price effective from Koha item type
    Library of Congress Classification   Luxembourg Library Luxembourg Library Scholastic Reading Center Section 10/10/2013   PZ 10 .C237g6 2000 LEX2524 04/18/2017 1 10/10/2013 Books
    Library of Congress Classification   Luxembourg Library Luxembourg Library Scholastic Reading Center Section 10/10/2013   PZ 10 .C237g6 2000 LEX2525 04/18/2017 2 10/10/2013 Books

The giant germ /

APA

Capeci A., Speirs J. & Copyright Paperback Collection (Library of Congress). (2000). The giant germ. New York: Scholastic Inc.

Chicago

Capeci Anne, Speirs John and Copyright Paperback Collection (Library of Congress). 2000. The giant germ. New York: Scholastic Inc.

Harvard

Capeci A., Speirs J. and Copyright Paperback Collection (Library of Congress). (2000). The giant germ. New York: Scholastic Inc.

MLA

Capeci Anne, Speirs John and Copyright Paperback Collection (Library of Congress). The giant germ. New York: Scholastic Inc. 2000.

  • Place hold
  • Print
  • Cite
  • Add to your cart (remove)
  • Save record
    BIBTEX Dublin Core MARCXML MARC (non-Unicode/MARC-8) MARC (Unicode/UTF-8) MARC (Unicode/UTF-8, Standard) MODS (XML) RIS
  • More searches
    Search for this title in:
    Other Libraries (WorldCat) Other Databases (Google Scholar) Online Stores (Bookfinder.com) Open Library (openlibrary.org)

Exporting to Dublin Core...

SOUTHVILLE LIBRARY

Southville International School and Colleges Library

1281 Tropical Ave. Cor. Luxembourg St., BF Homes International, Las Pinas City

Tel. No. 8256374 / 252358 Loc. 117/146

Powered by Koha